Ponymagic / (Record no. 2294)

MARC details
000 -LEADER
fixed length control field 01014nam a22002657a 4500
001 - CONTROL NUMBER
control field 2294
003 - CONTROL NUMBER IDENTIFIER
control field FISKH
005 - DATE AND TIME OF LATEST TRANSACTION
control field 20231115113823.0
008 - FIXED-LENGTH DATA ELEMENTS--GENERAL INFORMATION
fixed length control field 231115b cb ||||| |||| 00| 0 eng d
020 ## - INTERNATIONAL STANDARD BOOK NUMBER
International Standard Book Number 9781407135571
040 ## - CATALOGING SOURCE
Original cataloging agency FISKH
Language of cataloging eng
Transcribing agency FISKH
Modifying agency FISKH
082 ## - DEWEY DECIMAL CLASSIFICATION NUMBER
Classification number 823.92
100 ## - MAIN ENTRY--PERSONAL NAME
Personal name Webb, Holly
245 ## - TITLE STATEMENT
Title Ponymagic /
Statement of responsibility, etc. Holly Webb
250 ## - EDITION STATEMENT
Edition statement This edition published by Scholastic Ltd, 2013
260 ## - PUBLICATION, DISTRIBUTION, ETC.
Place of publication, distribution, etc. London :
Name of publisher, distributor, etc. Scholastic,
Date of publication, distribution, etc. 2010
300 ## - PHYSICAL DESCRIPTION
Extent 170 pages :
Dimensions 20 cm
490 ## - SERIES STATEMENT
Series statement Animal Magic
505 ## - FORMATTED CONTENTS NOTE
Formatted contents note R<br/>
520 ## - SUMMARY, ETC.
Summary, etc. As Lottie's magical powers grow, so do her adventures at the magical pet shop Lottie keeps dreaming of unicorns. She knows they are in trouble and desperately need her help, but she's not sure how to. With her mother also moving back to England very soon, Lottie can't help but worry. Will she have to leave the magic pet shop?<br/>
521 8# - TARGET AUDIENCE NOTE
Target audience note 740<br/>
Source Lexile<br/>
521 8# - TARGET AUDIENCE NOTE
Target audience note R<br/>
Source Raz-Plus<br/>
650 ## - SUBJECT ADDED ENTRY--TOPICAL TERM
Source of heading or term Magic
Form subdivision Juvenile literature
942 ## - ADDED ENTRY ELEMENTS (KOHA)
Source of classification or shelving scheme Dewey Decimal Classification
Koha item type Books
Suppress in OPAC No
Holdings
Withdrawn status Lost status Source of classification or shelving scheme Damaged status Not for loan Collection Home library Current library Shelving location Date acquired Total Checkouts Full call number Barcode Date last seen Price effective from Koha item type
    Dewey Decimal Classification     Juvenile Fiction Footprints International School Library Network Toul Kork Campus Footprints International School Library Network Toul Kork Campus TK Primary Library Room(4th Floor), Bookcase 5&6, Shelves 33-56, Orange Books 11/15/2023   WEB 823.92 FISTKG4A037 11/15/2023 11/15/2023 Books